2025 NASCAR Tracks in The top 3 Series - Statistics

General Stats
  • This quiz has been taken 54 times
  • The average score is 23 of 32
Answer Stats
Answer % Correct
Daytona
100%
Charlotte
91%
Atlanta
89%
Homestead-Miami
89%
Circuit of the Americas
86%
Phoenix
86%
Talladega
86%
Bristol
83%
Chicago
83%
New Hampshire
83%
Sonoma
83%
Watkins Glen
83%
Kansas
80%
Indianapolis
77%
Indianapolis Motorsports Park (IRP)
77%
Las Vegas
77%
Texas
77%
Dover
74%
Richmond
74%
Michigan
71%
Darlington
69%
Martinsville
69%
Nashville
69%
Pocono
69%
Iowa
66%
Mexico City
60%
Gateway
57%
Portland
57%
Bowman Gray
51%
North Wilkesboro
51%
Rockingham
46%
Lime Rock Park
26%
No matching quizzes found
Score Distribution
Percent of People with Each Score
Percentile by Number Answered
Your Score History
You have not taken this quiz